[Event "Tournoi Skype 027B"]
[Site "Skype"]
[Date "????.??.??"]
[Round "3.36"]
[White "Conde, Abigail"]
[Black "Rosenkoetter, David"]
[Result "0-1"]
[WhiteElo "1196"]
[BlackElo "1286"]
[PlyCount "56"]

1. d4 d5 2. Nf3 Nf6 3. e3 Bf5 4. Nbd2 c6 5. c4 e6 6. c5 Nbd7 7. b4 Be7 8. h3 b6
9. Ba6 b5 10. Nb3 O-O 11. Na5 Qc7 12. O-O Nb8 13. Ne5 Nxa6 14. Naxc6 Ne4 15. a4
Nc3 16. Qd2 Nxa4 17. f3 Nb8 18. Na5 f6 19. Ng4 Nd7 20. e4 dxe4 21. fxe4 Bxe4
22. Qe3 f5 23. Ne5 Nxe5 24. dxe5 Qxe5 25. Rd1 f4 26. Qe2 f3 27. Qf2 fxg2 28.
Qd2 Rf1+ 0-1

[Event "Tournoi Skype 027B"]
[Site "Skype"]
[Date "????.??.??"]
[Round "3.37"]
[White "Barba Cepeda, Julio Cesar"]
[Black "Dos Reis Cabrera, Jose Manuel"]
[Result "1-0"]
[WhiteElo "1000"]
[BlackElo "1222"]
[PlyCount "113"]

1. e4 d6 2. d4 Nd7 3. Nf3 Ngf6 4. Nc3 e5 5. dxe5 dxe5 6. Bc4 Be7 7. O-O O-O 8.
Be3 b6 9. Nd5 Nxd5 10. Bxd5 Rb8 11. Qd3 Bf6 12. Rad1 Qe7 13. Rd2 Nc5 14. Bxc5
Qxc5 15. Rfd1 Bg4 16. h3 Bxf3 17. Qxf3 Bg5 18. Rd3 Qe7 19. Qh5 h6 20. Rf3 Rbc8
21. c3 c6 22. Bb3 c5 23. c4 Rc6 24. Ba4 Rd6 25. Rd5 Rxd5 26. exd5 e4 27. Rg3 e3
28. Qe2 exf2+ 29. Qxf2 Bh4 30. Kh2 Bxg3+ 31. Kxg3 Qg5+ 32. Kh2 f5 33. Bd7 f4
34. Bg4 Qe5 35. b3 f3+ 36. Kg1 fxg2 37. Be6+ Kh7 38. Qxf8 Qe1+ 39. Kxg2 Qe2+
40. Qf2 Qe4+ 41. Kg1 Qb1+ 42. Qf1 Qg6+ 43. Bg4 Qg5 44. Qf5+ Qxf5 45. Bxf5+ g6
46. Be6 Kg7 47. Kf2 Kf6 48. Kf3 Ke5 49. Bf7 Kf6 50. Bxg6 Kxg6 51. Ke4 Kf7 52.
Ke5 Ke7 53. h4 a6 54. h5 b5 55. d6+ Kd7 56. Kd5 bxc4 57. bxc4 1-0

[Event "Tournoi Skype 027B"]
[Site "Skype"]
[Date "????.??.??"]
[Round "3.38"]
[White "Porcabeuf, Jean-Marc"]
[Black "Florez Beltran, Leidy Lucila"]
[Result "0-1"]
[WhiteElo "1181"]
[BlackElo "1000"]
[PlyCount "64"]

1. e4 e5 2. Nf3 Nc6 3. d4 exd4 4. Nxd4 Nxd4 5. Qxd4 b6 6. Bc4 Bc5 7. O-O Bxd4
8. c3 b5 9. Bxb5 Bb6 10. Bf4 Ne7 11. Nd2 c6 12. Ba4 O-O 13. Nf3 d5 14. Rad1 Bd7
15. exd5 Qc8 16. d6 Nd5 17. Bg3 Re8 18. c4 Nf6 19. h3 Re2 20. Be5 Ne4 21. Bb3
Bxf2+ 22. Kh1 Rxb2 23. Bxb2 Bb6 24. Bc2 Nxd6 25. Rxd6 Bxh3 26. Rfd1 Qg4 27.
Rd8+ Rxd8 28. Rxd8+ Bxd8 29. gxh3 Qxf3+ 30. Kg1 Bb6+ 31. Kh2 Qf2+ 32. Kh1 Qg1#
0-1

[Event "Tournoi Skype 027B"]
[Site "Skype"]
[Date "????.??.??"]
[Round "3.39"]
[White "Homme, Jim"]
[Black "Hampton, Irene"]
[Result "1-0"]
[WhiteElo "1130"]
[BlackElo "1000"]
[PlyCount "63"]

1. d4 b6 2. Nd2 Bb7 3. b3 d5 4. Bb2 Nd7 5. e3 Ngf6 6. c4 e6 7. cxd5 Bb4 8. dxe6
fxe6 9. a3 Bxd2+ 10. Qxd2 Ne4 11. Qd3 O-O 12. Nf3 Ndf6 13. Be2 c5 14. O-O Rc8
15. Rac1 a5 16. Ne5 Qd5 17. Bf3 Rfe8 18. Bxe4 Qd7 19. Nxd7 Nxe4 20. Nxb6 Rcd8
21. f3 Nf6 22. Rxc5 Rd6 23. Rc7 Bc6 24. Nc4 Red8 25. Nxd6 Rxd6 26. Qa6 Ne8 27.
Ra7 e5 28. Rd1 h5 29. a4 Kf8 30. Ba3 g5 31. Bxd6+ Kg8 32. Qxc6 1-0

[Event "Tournoi Skype 027B"]
[Site "Skype"]
[Date "????.??.??"]
[Round "3.40"]
[White "De Fazio, Monica"]
[Black "Hernandez, Enrique"]
[Result "1-0"]
[WhiteElo "1125"]
[BlackElo "1000"]
[PlyCount "45"]

1. e4 e5 2. Nf3 Nc6 3. Bc4 Nf6 4. d3 d6 5. O-O Bg4 6. h3 Bxf3 7. Qxf3 Nd4 8.
Qd1 Qe7 9. Be3 Nc6 10. Nc3 O-O-O 11. Qd2 Nd4 12. Nd5 Nxd5 13. Bxd5 c6 14. c3 h5
15. cxd4 cxd5 16. dxe5 Qxe5 17. Bxa7 b5 18. Rac1+ Kb7 19. Qa5 dxe4 20. Qb6+ Ka8
21. Rc7 Qd5 22. Bb8 Rxb8 23. Qa6# 1-0

[Event "Tournoi Skype 027B"]
[Site "Skype"]
[Date "????.??.??"]
[Round "3.41"]
[White "Mimouni, Driss"]
[Black "Maalik, Aakash"]
[Result "0-1"]
[WhiteElo "1095"]
[BlackElo "1000"]
[PlyCount "88"]

1. e4 e6 2. d4 d5 3. e5 c5 4. Bb5+ Bd7 5. Bxd7+ Qxd7 6. Nf3 cxd4 7. Nxd4 Bc5 8.
c3 a6 9. Be3 Ne7 10. b4 Bb6 11. Nd2 O-O 12. O-O Ng6 13. N2f3 Qc7 14. Rc1 Nxe5
15. Nxe5 Qxe5 16. Nf3 Qd6 17. Bxb6 Qxb6 18. Qd3 Nd7 19. Ng5 Nf6 20. Qd4 Qd8 21.
c4 Qe7 22. c5 Rfe8 23. Rfe1 e5 24. Rxe5 Qxe5 25. Qxe5 Rxe5 26. Nf3 Re2 27. Kf1
Rxa2 28. c6 bxc6 29. Rxc6 Re8 30. Rc1 Rb2 31. Rd1 Rxb4 32. g3 a5 33. h4 a4 34.
Nd2 a3 35. Ra1 Ra8 36. Ra2 Rb2 37. Rxb2 axb2 38. f4 Ra1+ 39. Ke2 Ne4 40. Nb3
Ra2 41. Ke3 b1=Q 42. Nd4 Ra3+ 43. Ke2 Qb2+ 44. Kd1 Qd2# 0-1

[Event "Tournoi Skype 027B"]
[Site "Skype"]
[Date "????.??.??"]
[Round "3.42"]
[White "Marty, Yvette"]
[Black "Ruiz Aguilera, Juan Jesus"]
[Result "0-1"]
[WhiteElo "1000"]
[BlackElo "1083"]
[PlyCount "44"]

1. e4 e5 2. Nf3 d6 3. d4 c6 4. c3 Nf6 5. dxe5 dxe5 6. Nxe5 Qe7 7. Nd2 Qxe5 8.
f3 Nbd7 9. f4 Qxf4 10. Qe2 Nc5 11. e5 Bf5 12. exf6+ Kd8 13. Nb3 Nd3+ 14. Kd1
Nxc1 15. Nxc1 Bg4 16. Nb3 Bxe2+ 17. Kxe2 Qxf6 18. Rd1+ Kc7 19. Nc5 Bxc5 20. h4
Rhe8+ 21. Kd2 Rad8+ 22. Bd3 Qf2+ 0-1

[Event "Tournoi Skype 027B"]
[Site "Skype"]
[Date "????.??.??"]
[Round "3.43"]
[White "Berbedes, Jorgelina"]
[Black "More, Sanskruti"]
[Result "0-1"]
[WhiteElo "1074"]
[BlackElo "1000"]
[PlyCount "88"]

1. d4 Nf6 2. Nf3 d5 3. Bf4 Bg4 4. e3 e6 5. Bd3 c5 6. Nbd2 Bd6 7. Bxd6 Qxd6 8.
O-O O-O 9. c4 Qb6 10. Qb3 Qxb3 11. Nxb3 Bxf3 12. gxf3 Nbd7 13. Rfe1 b6 14. Rac1
cxd4 15. Nxd4 Ne5 16. Be2 Rac8 17. cxd5 exd5 18. f4 Ned7 19. Nf5 Rcd8 20. Red1
g6 21. Ne7+ Kh8 22. Nxd5 Nxd5 23. Rxd5 Nf6 24. Rxd8 Rxd8 25. a3 Rd2 26. Bc4 Kg7
27. b4 Ng4 28. Rf1 Rc2 29. Bd3 Ra2 30. f5 Rxa3 31. Rd1 Ne5 32. Be4 Rb3 33. fxg6
hxg6 34. b5 Rxb5 35. Kg2 a5 36. Rd6 a4 37. h3 a3 38. Rd1 Ra5 39. Ra1 b5 40. f4
Nc4 41. Kf2 a2 42. f5 Nd2 43. Bc2 b4 44. e4 b3 0-1

[Event "Tournoi Skype 027B"]
[Site "Skype"]
[Date "????.??.??"]
[Round "3.45"]
[White "Rodriguez Tovar, Liliana"]
[Black "Trolese, Caterina"]
[Result "1-0"]
[WhiteElo "1000"]
[BlackElo "1040"]
[PlyCount "79"]

1. e4 d6 2. Nf3 Nf6 3. Nc3 g6 4. d4 Bg7 5. Bc4 O-O 6. O-O e6 7. Re1 Nbd7 8. Ne2
Re8 9. Ng3 d5 10. exd5 exd5 11. Bb3 Ne4 12. c4 c6 13. cxd5 Nxg3 14. hxg3 cxd5
15. Bxd5 Rf8 16. Be4 Nf6 17. Bc2 b6 18. a4 Bb7 19. b4 Bxf3 20. gxf3 Ne8 21. a5
Bxd4 22. Ra4 b5 23. Ra3 Rc8 24. Rd3 Rc4 25. Be3 Qf6 26. Bxd4 Qg5 27. Bxa7 Rxb4
28. Rd5 f5 29. Be3 Qf6 30. Bh6 Nc7 31. Rd7 Rf7 32. Rd8+ Rf8 33. Bxf8 f4 34.
Bh6+ Kf7 35. Qd7+ Qe7 36. Rxe7+ Kf6 37. Qxc7 fxg3 38. fxg3 Rb2 39. Rd5 Rxc2 40.
Qd6# 1-0

[Event "Tournoi Skype 027B"]
[Site "Skype"]
[Date "????.??.??"]
[Round "3.46"]
[White "Solis Treminio, Jose Antonio"]
[Black "Alverson, Ginny"]
[Result "0-1"]
[WhiteElo "1000"]
[BlackElo "1016"]
[PlyCount "76"]

1. d4 Nf6 2. Nf3 d5 3. Bg5 Ne4 4. Nc3 Nxg5 5. Nxg5 Be6 6. Nxf7 Bxf7 7. e3 c6 8.
Na4 Nd7 9. b3 e5 10. c3 Bd6 11. Bd3 e4 12. O-O exd3 13. Qxd3 Qc7 14. g3 Bg6 15.
Qd1 O-O-O 16. c4 dxc4 17. bxc4 Nb6 18. c5 Nxa4 19. cxd6 Rxd6 20. e4 Nc3 21. Qc2
Nxe4 22. Qxe4 Bxe4 23. a4 Rxd4 24. a5 a6 25. Ra2 Bd5 26. Raa1 Rd2 27. Rad1 Rxd1
28. Rxd1 Qe5 29. Rb1 c5 30. f3 Qe3+ 31. Kg2 Bxf3+ 32. Kh3 Qe2 33. Kh4 Qxh2+ 34.
Kg5 Qxg3+ 35. Kf5 Rf8+ 36. Ke6 Qg6+ 37. Ke5 Qe8+ 38. Kd6 Qd7+ 0-1

[Event "Tournoi Skype 027B"]
[Site "Skype"]
[Date "????.??.??"]
[Round "3.47"]
[White "Clayton, Estelita"]
[Black "Santamaria Garcia, Jesus"]
[Result "1-0"]
[WhiteElo "1001"]
[BlackElo "1000"]
[PlyCount "87"]

1. d4 d5 2. c3 Nc6 3. h3 Nf6 4. Bg5 h6 5. Bxf6 exf6 6. e3 Be7 7. Bb5 Bd7 8.
Bxc6 Bxc6 9. Nf3 O-O 10. O-O Re8 11. Nh4 Bd7 12. Qd3 f5 13. Nxf5 Bxf5 14. Qxf5
g6 15. Qd3 Bf6 16. Nd2 Rc8 17. e4 c6 18. e5 Bg7 19. Nf3 f6 20. exf6 Qxf6 21.
Rfe1 Re7 22. Rxe7 Qxe7 23. Qxg6 Qf6 24. Qxf6 Bxf6 25. Ne5 c5 26. Nd7 Be7 27.
Nxc5 Bxc5 28. dxc5 Rxc5 29. f4 Rc4 30. f5 h5 31. f6 Rf4 32. Rf1 Rxf1+ 33. Kxf1
Kf7 34. Kf2 Kxf6 35. Ke3 Ke5 36. h4 b5 37. g3 a5 38. Kf3 Kf5 39. g4+ hxg4+ 40.
Kg3 b4 41. cxb4 axb4 42. h5 Kg5 43. h6 d4 44. h7 1-0

[Event "Tournoi Skype 027B"]
[Site "Skype"]
[Date "????.??.??"]
[Round "4.1"]
[White "De Nobrega, George"]
[Black "Cayllahua, Braulio Idme"]
[Result "0-1"]
[WhiteElo "1311"]
[BlackElo "1489"]
[PlyCount "100"]

1. e4 d5 2. exd5 Qxd5 3. Nc3 Qd8 4. Nf3 Bf5 5. d4 c6 6. Bd3 Bg6 7. Bxg6 hxg6 8.
h3 e6 9. a3 Bd6 10. Be3 Nf6 11. Qd2 Nbd7 12. Bf4 Qc7 13. Bxd6 Qxd6 14. Qe3 Nb6
15. Ne4 Nxe4 16. Qxe4 Qd5 17. Qxd5 cxd5 18. O-O Rc8 19. Rac1 O-O 20. Rfe1 Na4
21. b3 Nc3 22. Kf1 Rc7 23. Nd2 Na2 24. Ra1 Rxc2 25. Nf3 Rfc8 26. Re2 Rc1+ 27.
Rxc1 Rxc1+ 28. Re1 Kf8 29. Rxc1 Nxc1 30. b4 Nd3 31. Ke2 Nf4+ 32. Kf1 Ke7 33. h4
f6 34. g3 Nd3 35. Ke2 Nb2 36. Nd2 b5 37. Ke3 Kd6 38. f4 a6 39. g4 Kc6 40. h5
gxh5 41. gxh5 Kb6 42. Kf3 a5 43. bxa5+ Kxa5 44. Ke2 Ka4 45. Nb1 Nc4 46. Kd3
Nxa3 47. Nxa3 Kxa3 48. Kc3 b4+ 49. Kc2 Ka2 50. Kc1 b3 0-1

[Event "Tournoi Skype 027B"]
[Site "Skype"]
[Date "????.??.??"]
[Round "4.2"]
[White "Cayo, Ana Carolina"]
[Black "Farfallini, Michel"]
[Result "0-1"]
[WhiteElo "1410"]
[BlackElo "1304"]
[PlyCount "34"]

1. d4 d5 2. Nf3 e6 3. e3 Bd6 4. Bd3 Nf6 5. Nbd2 O-O 6. b3 Re8 7. Bb2 Nbd7 8.
Ne5 c6 9. O-O Qc7 10. f4 Nf8 11. Rf3 N6d7 12. Rh3 Nf6 13. Qf3 Bb4 14. c3 Ba5
15. Qg3 c5 16. Ndf3 Ne4 17. Rc1 Nxg3 0-1

[Event "Tournoi Skype 027B"]
[Site "Skype"]
[Date "????.??.??"]
[Round "4.3"]
[White "Codina, Teresa"]
[Black "Franco, Yolima"]
[Result "0-1"]
[WhiteElo "1189"]
[BlackElo "1408"]
[PlyCount "48"]

1. d4 Nf6 2. Nf3 Nc6 3. c4 d5 4. e3 Bf5 5. Bd3 e6 6. Bxf5 exf5 7. O-O Ne4 8.
cxd5 Qxd5 9. Nc3 Qc4 10. Qb3 Na5 11. Qxc4 Nxc4 12. Nb5 Kd8 13. Rd1 a6 14. Nc3
c6 15. a4 Be7 16. a5 Kc7 17. Ra4 Ncd6 18. b4 Nxc3 19. Rd2 Nxa4 20. Rc2 Nb5 21.
Bd2 Rad8 22. Ra2 Nac3 23. Rc2 Bxb4 24. Bxc3 Nxc3 0-1

[Event "Tournoi Skype 027B"]
[Site "Skype"]
[Date "????.??.??"]
[Round "4.4"]
[White "Munoz Gonzalez, Martin"]
[Black "Babar, Ganesh"]
[Result "0-1"]
[WhiteElo "1393"]
[BlackElo "1000"]
[PlyCount "68"]

1. b3 e5 2. Bb2 Nc6 3. g3 d5 4. Bg2 d4 5. d3 Qd7 6. Nd2 Bc5 7. Ngf3 Nf6 8. Nc4
Bb4+ 9. Nfd2 Nd5 10. O-O O-O 11. Nf3 f6 12. Rc1 Bc3 13. Ba3 Re8 14. Ncd2 a5 15.
Ne4 Ncb4 16. Bxb4 Bxb4 17. Nfd2 f5 18. Ng5 Nc3 19. Qe1 Nxa2 20. Ra1 Nc3 21. Nb1
e4 22. Nh3 exd3 23. Nxc3 Bxc3 24. Qd1 dxe2 25. Qd3 exf1=Q+ 26. Qxf1 Bxa1 27.
Qxa1 Qd6 28. Nf4 c6 29. Qd1 a4 30. bxa4 Qa3 31. Qxd4 Rxa4 32. Bd5+ Kf8 33. c4
cxd5 34. Nh5 Qa1+ 0-1

[Event "Tournoi Skype 027B"]
[Site "Skype"]
[Date "????.??.??"]
[Round "4.5"]
[White "Thavorath, Nirandas"]
[Black "Duthoit, Bernard"]
[Result "1-0"]
[WhiteElo "1000"]
[BlackElo "1334"]
[PlyCount "57"]

1. e4 e6 2. d4 d5 3. Nc3 c5 4. dxc5 d4 5. Nb5 Qa5+ 6. Bd2 Qd8 7. Bf4 Na6 8.
Nd6+ Bxd6 9. cxd6 Nf6 10. Nf3 Nxe4 11. Qxd4 Nf6 12. O-O-O O-O 13. Be5 Qb6 14.
Qh4 Ne8 15. Bd3 h6 16. Bxg7 Kxg7 17. Qg3+ Kh8 18. Qf4 Kg7 19. Ng5 Qxd6 20. Qg4
Kh8 21. Bb5 Nf6 22. Qh4 Qxd1+ 23. Rxd1 h5 24. Nxf7+ Kg7 25. Ne5 Nc5 26. Qg5+
Kh8 27. Qh6+ Kg8 28. Ng6 Kf7 29. Nxf8 1-0

[Event "Tournoi Skype 027B"]
[Site "Skype"]
[Date "????.??.??"]
[Round "4.6"]
[White "Gerbaux, Regis"]
[Black "Amato, Ludovica"]
[Result "0-1"]
[WhiteElo "1334"]
[BlackElo "1402"]
[PlyCount "70"]

1. d4 d5 2. Bf4 c5 3. c3 Qb6 4. Qb3 c4 5. Qc2 g6 6. b3 Bf5 7. Qd1 Nc6 8. e3 Nf6
9. Nd2 cxb3 10. axb3 e6 11. Ngf3 Be7 12. Ne5 Nxe5 13. dxe5 Nd7 14. Be2 O-O 15.
O-O Nc5 16. f3 Nd3 17. Bxd3 Bxd3 18. Re1 g5 19. Bg3 Bc5 20. Bf2 Bg6 21. Re2
Rac8 22. Rc1 Rc6 23. b4 Be7 24. e4 Qc7 25. exd5 exd5 26. Kh1 Rxc3 27. Rxc3 Qxc3
28. e6 Bxb4 29. Bxa7 Re8 30. exf7+ Bxf7 31. Rxe8+ Bxe8 32. Nb1 Qe1+ 33. Qxe1
Bxe1 34. Bd4 Kf7 35. Kg1 Bb5 0-1

[Event "Tournoi Skype 027B"]
[Site "Skype"]
[Date "????.??.??"]
[Round "4.7"]
[White "Simone, Vale"]
[Black "Borg, Anthony"]
[Result "1-0"]
[WhiteElo "1453"]
[BlackElo "1236"]
[PlyCount "67"]

1. Nf3 d5 2. e3 Nf6 3. c4 c6 4. Nc3 Bf5 5. cxd5 cxd5 6. Bb5+ Nbd7 7. Qb3 Rc8 8.
Nxd5 Be6 9. Nxf6+ exf6 10. Bxd7+ Qxd7 11. Qd1 Bb4 12. O-O O-O 13. a3 Bd6 14. b4
Qc7 15. Bb2 Qc4 16. Rc1 Qg4 17. Rxc8 Bxc8 18. Nd4 Qxd1 19. Rxd1 Re8 20. Rc1 h6
21. Nb5 Bb8 22. Bd4 a6 23. Nc3 Be6 24. Ne4 f5 25. Nc5 Bd5 26. Nd7 Bd6 27. Bc5
Bxc5 28. Rxc5 Bc6 29. Ne5 Rd8 30. Nxc6 bxc6 31. d4 Rd6 32. Rxf5 Rd8 33. Rc5 Kh7
34. Rxc6 1-0

[Event "Tournoi Skype 027B"]
[Site "Skype"]
[Date "????.??.??"]
[Round "4.8"]
[White "Bendre, Pankaj"]
[Black "Bustos, Ricardo"]
[Result "1-0"]
[WhiteElo "1438"]
[BlackElo "1216"]
[PlyCount "67"]

1. e4 c5 2. Nf3 d6 3. d4 cxd4 4. Nxd4 Nf6 5. Nc3 a6 6. f3 e6 7. Bc4 Nbd7 8. Be3
Be7 9. Qd2 O-O 10. O-O-O Qc7 11. Bb3 Nc5 12. g4 e5 13. Nf5 Nxb3+ 14. cxb3 Bxf5
15. exf5 Qc6 16. Rhf1 b5 17. Kb1 b4 18. Na4 d5 19. g5 Nh5 20. Rc1 Qb7 21. Nb6
Rad8 22. Na4 d4 23. Bg1 Nf4 24. h4 g6 25. f6 Bd6 26. Bh2 Qb5 27. Bxf4 exf4 28.
Qxd4 Bc5 29. Qxc5 Qxc5 30. Rxc5 Rd6 31. Rfc1 Rd3 32. Rc8 Rxb3 33. Rxf8+ Kxf8
34. Rc8# 1-0

[Event "Tournoi Skype 027B"]
[Site "Skype"]
[Date "????.??.??"]
[Round "4.9"]
[White "Pasasin, Alejandro"]
[Black "Vincent, Andre"]
[Result "1-0"]
[WhiteElo "1251"]
[BlackElo "1328"]
[PlyCount "87"]

1. d4 d5 2. c4 c6 3. Nc3 Nf6 4. Nf3 e6 5. Bf4 Bd6 6. Ne5 Bxe5 7. Bxe5 Nbd7 8.
Bg3 Nh5 9. Bd6 Ndf6 10. c5 b6 11. b4 Ba6 12. a4 Bc4 13. f3 Nd7 14. g4 Nhf6 15.
Bg2 Ng8 16. e3 f6 17. f4 Ne7 18. e4 Nc8 19. e5 Nxd6 20. exd6 O-O 21. Ne2 Rb8
22. O-O bxc5 23. bxc5 Rb2 24. Re1 Qa5 25. Ng3 Rfb8 26. Rxe6 Qd2 27. Qxd2 Rxd2
28. Rae1 Rxd4 29. Nf5 Rxf4 30. Ne7+ Kf7 31. Nxc6 Rf8 32. Re7+ Kg6 33. Rxd7 Rxg4
34. Rde7 d4 35. d7 Bd5 36. R1e2 Bxc6 37. Kf1 Bxa4 38. Re8 Rxe8 39. dxe8=Q+ Bxe8
40. Rxe8 Rf4+ 41. Ke1 d3 42. Bd5 Rd4 43. Rd8 d2+ 44. Kd1 1-0

[Event "Tournoi Skype 027B"]
[Site "Skype"]
[Date "????.??.??"]
[Round "4.10"]
[White "Sanchez Padilla, Armando Edilber"]
[Black "Gokcek, Cagri"]
[Result "0-1"]
[WhiteElo "1321"]
[BlackElo "1202"]
[PlyCount "64"]

1. e4 e5 2. Nf3 Nc6 3. c3 Bc5 4. d4 exd4 5. cxd4 Bb4+ 6. Nc3 d5 7. e5 f6 8. Bb5
Nge7 9. O-O fxe5 10. Nxe5 O-O 11. Bg5 Nxe5 12. dxe5 c6 13. Ba4 Rf5 14. f4 Be6
15. Bb3 Qb6+ 16. Kh1 Ng6 17. a3 Be7 18. Bxe7 Nxe7 19. Ne4 Raf8 20. Ng5 c5 21.
Qc2 h6 22. Nh3 Rh5 23. Ng1 Bf5 24. Qc3 Be4 25. Rf2 Kh8 26. Raf1 c4 27. Bc2 Qe6
28. b3 b5 29. Bd1 Rh4 30. Qg3 Nf5 31. Qc3 d4 32. Qb4 Ng3# 0-1

[Event "Tournoi Skype 027B"]
[Site "Skype"]
[Date "????.??.??"]
[Round "4.11"]
[White "Felippe E Silva, Glenda"]
[Black "Chavez, Isidro"]
[Result "1-0"]
[WhiteElo "1309"]
[BlackElo "1192"]
[PlyCount "129"]

1. d4 c6 2. Nf3 Nf6 3. Bf4 d5 4. c3 Nbd7 5. h3 e6 6. e3 Be7 7. Bd3 Nb6 8. O-O
Na4 9. Qxa4 b5 10. Qd1 Qb6 11. a3 a5 12. Nbd2 a4 13. Ne5 Bd6 14. Be2 g6 15. Bg5
Ne4 16. Nxe4 dxe4 17. Qc2 Bc7 18. Qxe4 Bd8 19. Bxd8 Qxd8 20. Qxc6+ Bd7 21.
Qxd7+ Qxd7 22. Nxd7 Kxd7 23. Bxb5+ Ke7 24. Bc6 Ra6 25. Bf3 Rb8 26. Rab1 h5 27.
Rfd1 h4 28. d5 e5 29. e4 g5 30. Be2 Ra7 31. d6+ Kd7 32. Bc4 f6 33. Rd5 Rb6 34.
Be2 Rxd6 35. Rxd6+ Kxd6 36. Rd1+ Ke7 37. c4 Rb7 38. Rd2 Rc7 39. Bd1 Rxc4 40. f3
Ke6 41. Bxa4 Rxa4 42. Kf2 Kf7 43. Ke2 Ke6 44. Rd3 f5 45. exf5+ Kxf5 46. Ke3 e4
47. Rd4 Rxd4 48. Kxd4 g4 49. fxe4+ Kf4 50. e5 gxh3 51. gxh3 Kg3 52. e6 Kxh3 53.
e7 Kg2 54. e8=Q h3 55. Qe1 h2 56. b4 h1=Q 57. Qxh1+ Kxh1 58. b5 Kh2 59. b6 Kh1
60. b7 Kh2 61. b8=Q+ Kh1 62. Qg8 Kh2 63. Ke3 Kh1 64. Kf3 Kh2 65. Qg2# 1-0

[Event "Tournoi Skype 027B"]
[Site "Skype"]
[Date "????.??.??"]
[Round "4.12"]
[White "Reese, Evan"]
[Black "Battaglia, Gabriele"]
[Result "0-1"]
[WhiteElo "1235"]
[BlackElo "1308"]
[PlyCount "54"]

1. e4 c5 2. Nf3 g6 3. Bc4 Bg7 4. Nc3 Nf6 5. d3 O-O 6. O-O Nc6 7. Be3 b6 8. Ne2
Ng4 9. c3 Nxe3 10. fxe3 Bh6 11. Qd2 d6 12. Ng3 Qc7 13. d4 cxd4 14. cxd4 Bg4 15.
Qf2 Bg7 16. Ng5 e6 17. Qf4 Ne7 18. Qxg4 Qxc4 19. Qf4 f5 20. Qxd6 Nc8 21. Nxe6
Nxd6 22. Nxf8 Rxf8 23. e5 Ne4 24. b3 Qc3 25. Rae1 Nxg3 26. hxg3 Qd2 27. e6 Re8
0-1

[Event "Tournoi Skype 027B"]
[Site "Skype"]
[Date "????.??.??"]
[Round "4.13"]
[White "Hargez, Dany"]
[Black "Franca, Diego"]
[Result "0-1"]
[WhiteElo "1177"]
[BlackElo "1307"]
[PlyCount "65"]

1. e4 c6 2. d4 d5 3. e5 c5 4. c3 Nc6 5. Bb5 a6 6. Bxc6+ bxc6 7. dxc5 Bf5 8. Qa4
Qc8 9. Nf3 e6 10. b4 Ne7 11. Nbd2 Ng6 12. c4 Nf4 13. Nh4 Bg4 14. Ndf3 Nd3+ 15.
Ke2 Nxc1+ 16. Raxc1 Be7 17. Kf1 O-O 18. Rc3 dxc4 19. Rxc4 Bxf3 20. Nxf3 Rd8 21.
Qc2 Rd5 22. Kg1 Qd7 23. h4 Rd1+ 24. Kh2 Rxh1+ 25. Kxh1 Rd8 26. Rd4 Qc8 27. Ng5
Bxg5 28. hxg5 Rxd4 29. a3 Qd7 30. Qe2 Rh4+ 31. Kg1 Qd4 32. g3 Qa1+ 33. Kg2 0-1

[Event "Tournoi Skype 027B"]
[Site "Skype"]
[Date "????.??.??"]
[Round "4.14"]
[White "Pourtahmasbi, Ednun"]
[Black "Baker, Abi"]
[Result "1-0"]
[WhiteElo "1305"]
[BlackElo "1181"]
[PlyCount "63"]

1. e4 e6 2. Nc3 d5 3. d3 Nf6 4. Bg5 Be7 5. e5 Nc6 6. exf6 Bxf6 7. Nf3 d4 8. Ne4
Qd5 9. Bxf6 Qa5+ 10. Nfd2 gxf6 11. Nxf6+ Ke7 12. Qf3 Qe5+ 13. Nfe4 Nb4 14. Qd1
Bd7 15. Nc4 Qh5 16. Qxh5 Nxc2+ 17. Ke2 Nxa1 18. Ng5 b5 19. Qxf7+ Kd8 20. Ne5
Be8 21. Qf6+ Kc8 22. Qxh8 Kb7 23. g4 Ka6 24. Bg2 c6 25. Rc1 Rc8 26. Nxe6 Kb6
27. Rxa1 a5 28. Rc1 b4 29. Bxc6 Rxc6 30. Nxc6 Bxc6 31. Qb8+ Ka6 32. Rxc6# 1-0

[Event "Tournoi Skype 027B"]
[Site "Skype"]
[Date "????.??.??"]
[Round "4.15"]
[White "Hernandez Lopez, Joaquin"]
[Black "Maccaferri, Massimo"]
[Result "1-0"]
[WhiteElo "1300"]
[BlackElo "1152"]
[PlyCount "29"]

1. c4 e5 2. d3 Nc6 3. e4 Qe7 4. g3 Qb4+ 5. Nc3 Qa5 6. Nge2 Bb4 7. Bg2 d6 8. O-O
Nd4 9. Nxd4 Bxc3 10. Nb3 Qb4 11. a3 Qb6 12. bxc3 Bd7 13. Nd2 O-O-O 14. Rb1 Bg4
15. Qxg4+ 1-0

[Event "Tournoi Skype 027B"]
[Site "Skype"]
[Date "????.??.??"]
[Round "4.16"]
[White "Abate, Luigi"]
[Black "Mhabdi, Mahesh"]
[Result "0-1"]
[WhiteElo "1134"]
[BlackElo "1296"]
[PlyCount "76"]

1. c4 d5 2. cxd5 Nf6 3. e4 e5 4. dxe6 fxe6 5. Nc3 Bc5 6. Nf3 Nc6 7. h3 O-O 8.
d3 e5 9. d4 exd4 10. Nb5 Nxe4 11. Qc2 Qe7 12. Bc4+ Kh8 13. O-O a6 14. Nxc7 Qxc7
15. Qxe4 Bf5 16. Qd5 Nb4 17. Qe5 Qxe5 18. Nxe5 d3 19. Be3 Bxe3 20. fxe3 Rac8
21. b3 b5 22. Nf7+ Rxf7 23. Bxf7 g6 24. Rac1 Rxc1 25. Rxc1 d2 26. Rd1 Kg7 27.
Be8 Kf8 28. g4 Be6 29. Bxg6 hxg6 30. Rxd2 Ke7 31. a3 Nd5 32. e4 Nf4 33. Kh2
Bxb3 34. e5 Ke6 35. Rb2 Bd1 36. Rb1 Bc2 37. Rc1 Be4 38. Rc6+ Bxc6 0-1

[Event "Tournoi Skype 027B"]
[Site "Skype"]
[Date "????.??.??"]
[Round "4.17"]
[White "Moumtaz, Abderrahim"]
[Black "Meza, Rafael"]
[Result "0-1"]
[WhiteElo "1292"]
[BlackElo "1000"]
[PlyCount "110"]

1. d4 e6 2. e4 d5 3. e5 a6 4. Nc3 h6 5. Nf3 c5 6. Be3 cxd4 7. Nxd4 Nc6 8. Nf3
Be7 9. Bd3 f5 10. O-O Qc7 11. a3 Nxe5 12. Bf4 Bd6 13. Nxe5 Bxe5 14. Bxe5 Qxe5
15. Re1 Qd4 16. Qh5+ Kf8 17. Rad1 Qg4 18. Qxg4 fxg4 19. Re5 Nf6 20. Bg6 Bd7 21.
Ne2 Be8 22. Bxe8 Rxe8 23. Nf4 Kf7 24. Rde1 Ne4 25. f3 gxf3 26. Re3 f2+ 27. Kf1
Kf6 28. Rh5 g5 29. Nd3 Kg6 30. g4 Rhf8 31. Reh3 Nd2+ 32. Ke2 f1=Q+ 33. Kxd2
Qg2+ 34. Kd1 Rf1+ 35. Ne1 Qxg4+ 36. Kd2 Qf4+ 37. Kd1 Qg4+ 38. Kd2 Qxh5 39. Rxh5
Kxh5 40. Ke2 Ref8 41. Nd3 d4 42. b4 Kh4 43. a4 Kh3 44. b5 g4 45. bxa6 bxa6 46.
a5 Kxh2 47. Nc5 R8f2+ 48. Kd3 Rd1+ 49. Kc4 Rxc2+ 50. Kb4 Rb1+ 51. Nb3 g3 52.
Ka3 g2 53. Nxd4 Rc3+ 54. Ka4 g1=Q 55. Ne2 Qg4+ 0-1

[Event "Tournoi Skype 027B"]
[Site "Skype"]
[Date "????.??.??"]
[Round "4.18"]
[White "Khatanhar, Mohit"]
[Black "Conde, Ramon"]
[Result "0-1"]
[WhiteElo "1287"]
[BlackElo "1000"]
[PlyCount "32"]

1. e4 e5 2. Nf3 Nc6 3. Bb5 a6 4. Bxc6 dxc6 5. d4 exd4 6. Nxd4 Bc5 7. c3 Nf6 8.
Bg5 O-O 9. O-O Re8 10. Re1 h6 11. Bxf6 Qxf6 12. Qd3 b5 13. b4 Bxd4 14. cxd4 Bb7
15. e5 Qg6 16. f3 Qxd3 0-1

[Event "Tournoi Skype 027B"]
[Site "Skype"]
[Date "????.??.??"]
[Round "4.19"]
[White "Luunge, Abdi"]
[Black "Sharma, Akash"]
[Result "0-1"]
[WhiteElo "1285"]
[BlackElo "1000"]
[PlyCount "70"]

1. e4 e5 2. Nf3 Nc6 3. Bc4 Bc5 4. Nc3 Nf6 5. a3 d6 6. d3 a6 7. Ng5 O-O 8. b4
Bb6 9. h3 Ne7 10. Ne2 d5 11. exd5 Nexd5 12. Bb2 Bf5 13. Bxe5 c5 14. Ng3 Bg6 15.
O-O h6 16. Nf3 cxb4 17. Bxf6 Nxf6 18. axb4 Qd6 19. c3 Qxg3 20. Qd2 Bf5 21. Kh1
Qd6 22. Bb3 Rad8 23. d4 Ne4 24. Qc1 Bc7 25. Bc2 Rfe8 26. Re1 Nxf2+ 27. Kg1
Nxh3+ 28. Kf1 Rxe1+ 29. Kxe1 Qg3+ 30. Kd1 Nf2+ 31. Kd2 Bf4+ 32. Ke2 Re8+ 33.
Kf1 Bxc1 34. Bxf5 Ng4 35. Rxc1 Qf2# 0-1

[Event "Tournoi Skype 027B"]
[Site "Skype"]
[Date "????.??.??"]
[Round "4.20"]
[White "Milanese, Serge"]
[Black "Zequeda, Javier"]
[Result "0-1"]
[WhiteElo "1277"]
[BlackElo "1000"]
[PlyCount "44"]

1. Nf3 Nf6 2. d4 g6 3. Nc3 Bg7 4. Bf4 d6 5. e3 O-O 6. Bd3 Nbd7 7. O-O Re8 8. e4
e5 9. Be3 Ng4 10. h3 Nxe3 11. fxe3 exd4 12. exd4 c5 13. Bc4 cxd4 14. Nxd4 Re7
15. Nd5 Rxe4 16. Qf3 Rxd4 17. Qxf7+ Kh8 18. Rae1 Ne5 19. Qc7 Qh4 20. Rf7 Qxe1+
21. Kh2 Nf3+ 22. Rxf3 Be5+ 0-1